| 000 | 00586nam a2200157 i 4500 | ||
|---|---|---|---|
| 001 | 43090 | ||
| 003 | ES-MaACL | ||
| 005 | 20230906160730.0 | ||
| 007 | t| | ||
| 008 | 030314s1897 sp ||||1| spa d | ||
| 245 | 0 | 0 |
_aColonias escolares quarta, quinta, sexta y séptima y sopa escolar / _cmemoria publicada por acuerdo de la Sociedad de Colonias Escolares de Vacaciones, agosto 1897. |
| 260 |
_aGranada : _b[s.n.], _c1897 ( _fImp. de José López Guevara) |
||
| 300 |
_a35 p., [4] h. pleg. ; _c25 cm. |
||
| 650 | 4 |
_aColonias escolares- _zEspaña. _9148577 |
|
| 852 |
_aES-MaACL _jT-866-F-14 |
||
| 999 |
_c43090 _d43090 |
||